Представление документа в формате RUSMARC

ПолеНазваниеЗначение
  Тип записи a
  Библиографический уровень a
001 Контрольный номер RU/CBS_UL/BASE/27c9133ef33d459db0afb652d572c68f
005 Дата корректировки 20250311164350.3
100 Данные общей обработки __
a Данные общей обработки 20250311 ||| 0rusy0189 ca
101 Язык документа 0_
a Язык текста rus
102 Страна публикации __
a Страна публикации RU
200 Заглавие и сведения об ответственности 1_
a Заглавие Александр Казанцев: инженер и романтик
e Сведения, относящиеся к заглавию [инженер и писатель-фантаст А. Казанцев]
f Первые сведения об ответственности Н. Пересадин
300 Общие примечания __
a Общие примечания 16+
461 Уровень набора _0
1 2000
a 60 лет - не возраст
463 Уровень физической единицы _0
1 2000
a № 1
v С. 69-73 : фото
1 2101
d 2025
1 001RU/CBS_UL/BASE/4138429ce70740e292425fa0ba34a188
600 Персоналии _1
a Персоналии (Фамилия) Казанцев
b Персоналии (Имя, инициалы) А. П.
606 Тематические рубрики 0_
a Основная рубрика Казанцев, Александр Петрович (1906-2002)
610 Ключевые слова 0_
a Ключевые слова инженеры
610 Ключевые слова 0_
a Ключевые слова советские инженеры
610 Ключевые слова 0_
a Ключевые слова инженеры советские
610 Ключевые слова 0_
a Ключевые слова писатели
610 Ключевые слова 0_
a Ключевые слова писатели-фантасты
610 Ключевые слова 0_
a Ключевые слова советские писатели-фантасты
610 Ключевые слова 0_
a Ключевые слова писатели-фантасты советские
610 Ключевые слова 0_
a Ключевые слова долгожители
686 Индексы других классификаций __
2 Код системы rubbk
a Классификационный индекс 83.3(2Рос=Рус)6
700 Автор _1
a Фамилия Пересадин
b Имя (инициалы) Н.
801 Источник записи _0
a Страна RU
b Организация МБУК ЦБС г. Ульяновска
c Дата составления 20250311
g Правила каталогизации RCR
801 Источник записи _1
a Страна RU
b Организация МБУК ЦБС г. Ульяновска
c Дата составления 20250311
g Правила каталогизации RCR
901 Тип документа __
t Тип документа b
w Контрольный № источника RU/CBS_UL/BASE/4138429ce70740e292425fa0ba34a188
909 Создатель записи __
a Создатель записи lib2